Foundations in microbiology/ (Record no. 11458)

MARC details
000 -LEADER
fixed length control field 00838nam a22002777i 4500
003 - CONTROL NUMBER IDENTIFIER
control field URS
005 - DATE AND TIME OF LATEST TRANSACTION
control field 20220117094610.0
008 - FIXED-LENGTH DATA ELEMENTS--GENERAL INFORMATION
fixed length control field 170724b xxu||||| |||| 00| 0 eng d
020 ## - INTERNATIONAL STANDARD BOOK NUMBER
International Standard Book Number 0072320427
020 ## - INTERNATIONAL STANDARD BOOK NUMBER
International Standard Book Number 0071122753ise
040 ## - CATALOGING SOURCE
Description conventions rda
Transcribing agency college
Language of cataloging eng
050 00 - LIBRARY OF CONGRESS CALL NUMBER
Classification number QR 41.2
Item number T141 2002
100 1# - MAIN ENTRY--PERSONAL NAME
Personal name Talaro, Kathleen P.,
Relator term author
245 10 - TITLE STATEMENT
Title Foundations in microbiology/
Statement of responsibility, etc. Talaro, Kathleen P.; Talaro, Arthur
250 ## - EDITION STATEMENT
Edition statement Fourth edition.
264 #1 - PRODUCTION, PUBLICATION, DISTRIBUTION, MANUFACTURE, AND COPYRIGHT NOTICE
Place of production, publication, distribution, manufacture New York:
Name of producer, publisher, distributor, manufacturer Mc Graw-hill Companies. Incorporated,
Date of production, publication, distribution, manufacture, or copyright notice [2002]
264 #4 - PRODUCTION, PUBLICATION, DISTRIBUTION, MANUFACTURE, AND COPYRIGHT NOTICE
Date of production, publication, distribution, manufacture, or copyright notice ©2002
300 ## - PHYSICAL DESCRIPTION
Extent xxii, 834 pages:
Other physical details illustrations,
Dimensions 29 cm.
336 ## - CONTENT TYPE
Source rdacontent
Content type term text
338 ## - CARRIER TYPE
Source rdacarrier
Carrier type term volume
504 ## - BIBLIOGRAPHY, ETC. NOTE
Bibliography, etc. note Includes Glossary, credits, and index.
650 ## - SUBJECT ADDED ENTRY--TOPICAL TERM
Topical term or geographic name entry element Microbiology.
650 ## - SUBJECT ADDED ENTRY--TOPICAL TERM
Topical term or geographic name entry element Medical microbiology.
700 ## - ADDED ENTRY--PERSONAL NAME
Personal name Talaro, Arthur
942 ## - ADDED ENTRY ELEMENTS (KOHA)
Source of classification or shelving scheme Library of Congress Classification
Koha item type Foreign Books
Holdings
Withdrawn status Source of classification or shelving scheme Damaged status Not for loan Home library Current library Shelving location Date acquired Total Checkouts Full call number Barcode Date last seen Price effective from Koha item type
  Library of Congress Classification     Rodriguez College Library Rodriguez College Library Reference 07/24/2017   QR 41.2 T141 2002 URSROD-2389 07/24/2017 07/24/2017 Foreign Books

University of Rizal System
Email us at univlibservices@urs.edu.ph

Visit our Website www.urs.edu.ph/library